[Event "Tradewise Gibraltar AmatWk1"]
[Site "Gibraltar"]
[Date "2017.01.25"]
[Round "3.31"]
[White "Bargil, Benny"]
[Black "Horlock, Peter J"]
[Result "0-1"]
[WhiteElo "1519"]
[BlackElo "1611"]
[PlyCount "108"]
[EventDate "2017.01.23"]
[EventType "swiss"]
[EventRounds "5"]
[EventCountry "GGB"]
[SourceTitle "BritBase"]
[Source "www.saund.co.uk"]
[SourceDate "2018.02.10"]
[SourceVersion "1"]
[SourceVersionDate "2018.02.10"]
[SourceQuality "1"]

1. d4 Nf6 2. c4 e6 3. Nf3 d5 4. Bg5 Be7 5. Nc3 Nc6 6. e3 O-O 7. a3 a6 8. Bd3
dxc4 9. Bxc4 b5 10. Ba2 Bb7 11. O-O Nd5 12. Bxe7 Ncxe7 13. Rc1 Rc8 14. Bb1 Ng6
15. Ne4 Nf6 16. Nc5 Ba8 17. Nxa6 Ne4 18. Nc5 Nxc5 19. Rxc5 f5 20. Ne5 Qg5 21.
Nf3 Qf6 22. Qe2 Nh4 23. Nxh4 Qxh4 24. f3 Rf6 25. g3 Qh5 26. Ba2 Qe8 27. Qc2 c6
28. Rxf5 Qf7 29. Rxf6 Qxf6 30. Qc5 Kh8 31. f4 Qg6 32. Rf2 Re8 33. Qe5 c5 34.
dxc5 Rd8 35. Rd2 Re8 36. Rd6 Qc2 37. Bd5 Qd1+ 38. Kf2 Bxd5 39. e4 Qc2+ 40. Kg1
Qxc5+ 41. Kg2 Bxe4+ 42. Kh3 Qxe5 43. fxe5 Bd5 44. Kg4 h6 45. Kh5 Rf8 46. Kg6
Be4+ 47. Kh5 Rf5+ 48. Kh4 Rxe5 49. g4 Bd5 50. Rb6 Bc4 51. h3 Re3 52. Rc6 Kh7
53. Rc5 Bf1 54. Rc3 Rxc3 0-1

[Event "Tradewise Gibraltar AmatWk1"]
[Site "Gibraltar"]
[Date "2017.01.26"]
[Round "4.1"]
[White "Sevillano Garcia, Joaquin"]
[Black "Bosschem, Eddy"]
[Result "0-1"]
[WhiteElo "1816"]
[BlackElo "1899"]
[PlyCount "126"]
[EventDate "2017.01.23"]
[EventType "swiss"]
[EventRounds "5"]
[EventCountry "GGB"]
[SourceTitle "BritBase"]
[Source "www.saund.co.uk"]
[SourceDate "2018.02.10"]
[SourceVersion "1"]
[SourceVersionDate "2018.02.10"]
[SourceQuality "1"]

1. d4 d5 2. Nf3 Nf6 3. e3 Bf5 4. Be2 h6 5. O-O c6 6. c4 e6 7. Nbd2 Nbd7 8. b3
Be7 9. Bb2 O-O 10. a3 a6 11. Re1 b5 12. c5 Qc7 13. Rc1 Rfd8 14. Nf1 Ne4 15. Ne5
Nxe5 16. dxe5 Nxc5 17. Ng3 Bg6 18. f4 Ne4 19. Nxe4 Bxe4 20. b4 Qd7 21. Bd3 Bxd3
22. Qxd3 a5 23. Bc3 axb4 24. Bxb4 Bxb4 25. axb4 Ra4 26. Qd4 Rda8 27. Rc2 R8a6
28. Rec1 Ra2 29. Rxa2 Rxa2 30. Qc5 Qa7 31. Qxa7 Rxa7 32. Rxc6 Ra4 33. Kf2 Rxb4
34. Rc7 h5 35. Rb7 Rb2+ 36. Kf3 Rb3 37. Kf2 g6 38. h4 Rb1 39. Kf3 Kg7 40. Kg3
b4 41. Kf2 b3 42. Kg3 b2 43. Kh2 Re1 44. Rxb2 Rxe3 45. Rb7 Ra3 46. Rd7 Ra8 47.
Kg3 Re8 48. Kf3 Kf8 49. Ra7 Re7 50. Ra8+ Kg7 51. g4 hxg4+ 52. Kxg4 f6 53. exf6+
Kxf6 54. Rf8+ Rf7 55. Ra8 Rd7 56. Rf8+ Kg7 57. Ra8 d4 58. Kf3 d3 59. Ra1 d2 60.
Rd1 Kf6 61. Ke2 Kf5 62. Kf3 Rd5 63. Ke2 Ke4 0-1

[Event "Tradewise Gibraltar AmatWk1"]
[Site "Gibraltar"]
[Date "2017.01.26"]
[Round "4.2"]
[White "Kuenitz, Klaus"]
[Black "Ansari, Athar"]
[Result "0-1"]
[WhiteElo "1690"]
[BlackElo "1887"]
[PlyCount "50"]
[EventDate "2017.01.23"]
[EventType "swiss"]
[EventRounds "5"]
[EventCountry "GGB"]
[SourceTitle "BritBase"]
[Source "www.saund.co.uk"]
[SourceDate "2018.02.10"]
[SourceVersion "1"]
[SourceVersionDate "2018.02.10"]
[SourceQuality "1"]

1. d4 Nf6 2. c4 e6 3. Nf3 b6 4. Bg5 Bb7 5. e3 h6 6. Bxf6 Qxf6 7. Be2 c5 8. O-O
Nc6 9. Nc3 O-O-O 10. dxc5 Bxc5 11. Ne4 Qxb2 12. Nxc5 bxc5 13. Ne1 d5 14. Nd3
Qa3 15. cxd5 Rxd5 16. Qc2 Rhd8 17. Rfd1 Nb4 18. Nxb4 Rxd1+ 19. Bxd1 Qxb4 20.
Bf3 Bxf3 21. gxf3 Rd2 22. Qc1 Rd5 23. Rb1 Rg5+ 24. Kf1 Qa4 25. f4 Qa6+ {Ra1}
0-1

[Event "Tradewise Gibraltar AmatWk1"]
[Site "Gibraltar"]
[Date "2017.01.26"]
[Round "4.3"]
[White "Dennis, Nigel W"]
[Black "Gaspar, Ioan-Dan"]
[Result "1/2-1/2"]
[WhiteElo "1818"]
[BlackElo "1579"]
[PlyCount "123"]
[EventDate "2017.01.23"]
[EventType "swiss"]
[EventRounds "5"]
[EventCountry "GGB"]
[SourceTitle "BritBase"]
[Source "www.saund.co.uk"]
[SourceDate "2018.02.10"]
[SourceVersion "1"]
[SourceVersionDate "2018.02.10"]
[SourceQuality "1"]

1. e4 c5 2. Nf3 g6 3. d4 cxd4 4. Nxd4 Nc6 5. c4 Nf6 6. Nc3 Nxd4 7. Qxd4 Bg7 8.
Be2 O-O 9. O-O d6 10. Qd1 Be6 11. Be3 a6 12. f3 Qa5 13. Rb1 Rfc8 14. b4 Qd8 15.
Nd5 Nxd5 16. cxd5 Bd7 17. Bd4 Bxd4+ 18. Qxd4 Rc2 19. Rb2 Rac8 20. Bd3 Rxb2 21.
Qxb2 Qb6+ 22. Kh1 Qe3 23. Qb3 Bb5 24. Bxb5 Qxb3 25. axb3 axb5 26. Kg1 Rc3 27.
Rb1 f5 28. Kf2 Kf7 29. Rb2 Kf6 30. Ke2 Ke5 31. Kd2 Kd4 32. exf5 gxf5 33. h4 f4
34. Ra2 Rxb3 35. Ra7 Rxb4 36. Rxb7 Rb2+ 37. Kc1 Re2 38. Kd1 Rxg2 39. Rxe7 b4
40. Rxh7 b3 41. Kc1 b2+ 42. Kb1 Ke3 43. Rh6 Kxf3 44. Rxd6 Ke4 45. Rf6 Ke5 46.
Rf8 Rg4 47. h5 Rh4 48. Kxb2 Kxd5 49. Kc3 Ke4 50. Kd2 Kf3 51. Rf5 Rh2+ 52. Ke1
Rh1+ 53. Kd2 Kg4 54. Rf8 Rxh5 55. Ke2 Rh2+ 56. Kf1 Kf3 57. Kg1 Rg2+ 58. Kf1 Ra2
59. Ke1 Ra1+ 60. Kd2 Kg3 61. Ke2 f3+ 62. Rxf3+ 1/2-1/2

[Event "Tradewise Gibraltar AmatWk1"]
[Site "Gibraltar"]
[Date "2017.01.26"]
[Round "4.4"]
[White "Wilson, Matthew R"]
[Black "Ramesh, Balasubramanian"]
[Result "1/2-1/2"]
[WhiteElo "1791"]
[BlackElo "1646"]
[PlyCount "165"]
[EventDate "2017.01.23"]
[EventType "swiss"]
[EventRounds "5"]
[EventCountry "GGB"]
[SourceTitle "BritBase"]
[Source "www.saund.co.uk"]
[SourceDate "2018.02.10"]
[SourceVersion "1"]
[SourceVersionDate "2018.02.10"]
[SourceQuality "1"]

1. e4 c6 2. d4 d5 3. exd5 cxd5 4. Bd3 Nc6 5. c3 Nf6 6. Bf4 Bg4 7. Qb3 Qc8 8.
Nd2 e6 9. Ngf3 Be7 10. O-O O-O 11. Rfe1 Bh5 12. Rac1 Bg6 13. Bxg6 hxg6 14. c4
Rd8 15. c5 Nd7 16. Qe3 Nf6 17. h3 Qd7 18. a3 a5 19. Ne5 Nxe5 20. Bxe5 Qb5 21.
f3 Rdc8 22. Nb1 Nd7 23. Nc3 Qb3 24. Nd1 Qxe3+ 25. Rxe3 Nxe5 26. Rxe5 Bf6 27. f4
Bxe5 28. fxe5 a4 29. Nc3 Ra5 30. Rb1 f6 31. exf6 gxf6 32. b4 axb3 33. Rxb3 Rc7
34. Nb5 Rd7 35. Nd6 Ra7 36. Rf3 Rf7 37. Nxf7 Kxf7 38. Re3 Ra4 39. Rb3 Ra7 40.
Kf2 e5 41. Ke3 Ke6 42. h4 exd4+ 43. Kxd4 Ra4+ 44. Ke3 Rc4 45. Rb5 Ke5 46. Rxb7
Rc3+ 47. Kd2 Rxc5 48. Rb4 Ra5 49. a4 Kd6 50. Kd3 Ke5 51. g4 f5 52. h5 gxh5 53.
gxh5 Kf6 54. h6 Kg6 55. Rh4 Kh7 56. Kc3 f4 57. Kb4 Ra8 58. Rxf4 Kxh6 59. a5 Kg5
60. Rf1 d4 61. Kb5 Rd8 62. a6 d3 63. a7 d2 64. Rd1 Kf4 65. Rxd2 Rxd2 66. a8=Q
Rb2+ 67. Kc5 Rc2+ 68. Kd5 Rd2+ 69. Ke6 Rd4 70. Qb8+ Ke4 71. Qc7 Kd3 72. Qc5 Ke4
73. Qc3 Rd3 74. Qc6+ Ke3 75. Ke5 Rb3 76. Qe4+ Kd2 77. Qc4 Rd3 78. Ke4 Re3+ 79.
Kd4 Re2 80. Qd3+ Ke1 81. Qf3 Rd2+ 82. Ke3 Rd3+ 83. Kxd3 1/2-1/2

[Event "Tradewise Gibraltar AmatWk1"]
[Site "Gibraltar"]
[Date "2017.01.26"]
[Round "4.5"]
[White "Sandhya, Goli"]
[Black "Murray, J Stephen"]
[Result "1-0"]
[WhiteElo "1745"]
[BlackElo "1789"]
[PlyCount "85"]
[EventDate "2017.01.23"]
[EventType "swiss"]
[EventRounds "5"]
[EventCountry "GGB"]
[SourceTitle "BritBase"]
[Source "www.saund.co.uk"]
[SourceDate "2018.02.10"]
[SourceVersion "1"]
[SourceVersionDate "2018.02.10"]
[SourceQuality "1"]

1. e4 c5 2. Nf3 d6 3. d4 cxd4 4. Nxd4 Nf6 5. Nc3 a6 6. Be3 e5 7. Nb3 Be6 8. f3
Be7 9. Qd2 O-O 10. g4 Nbd7 11. O-O-O Nc5 12. h4 Nxb3+ 13. cxb3 Rc8 14. Kb1 Qc7
15. h5 Rfd8 16. g5 Ne8 17. g6 Nf6 18. h6 fxg6 19. hxg7 Kxg7 20. Na4 Qc6 21. Bb6
Rg8 22. Qh6+ Kf7 23. Bd3 Qd7 24. f4 Bf8 25. Qg5 Be7 26. fxe5 dxe5 27. Qxe5 Qd6
28. Qg5 Nh5 29. Qh6 Rg7 30. Qe3 Kg8 31. Bxa6 Qg3 32. Bxb7 Qxe3 33. Bxe3 Rb8 34.
Bd5 Bxd5 35. exd5 Bd6 36. Nc5 Re7 37. Ne6 Ng7 38. Bc5 Bxc5 39. Nxc5 Rd8 40. d6
Re5 41. b4 Nf5 42. d7 Ng7 43. Nb7 1-0

[Event "Tradewise Gibraltar AmatWk1"]
[Site "Gibraltar"]
[Date "2017.01.26"]
[Round "4.6"]
[White "Guegan, Michel"]
[Black "Laszlo, Zoltan-Imre"]
[Result "0-1"]
[WhiteElo "1738"]
[BlackElo "1894"]
[PlyCount "76"]
[EventDate "2017.01.23"]
[EventType "swiss"]
[EventRounds "5"]
[EventCountry "GGB"]
[SourceTitle "BritBase"]
[Source "www.saund.co.uk"]
[SourceDate "2018.02.10"]
[SourceVersion "1"]
[SourceVersionDate "2018.02.10"]
[SourceQuality "1"]

1. d4 Nf6 2. Nf3 e6 3. e3 b6 4. Bd3 Bb7 5. Nbd2 d5 6. Ne5 Nbd7 7. f4 g6 8. Qf3
Bg7 9. O-O O-O 10. b3 c5 11. Ba3 Qc7 12. Rad1 Rfd8 13. Qe2 a6 14. Ndf3 b5 15.
Ng5 c4 16. Bxg6 hxg6 17. Nexf7 Re8 18. Nd6 Reb8 19. Nxe6 Qa5 20. Bc5 Nxc5 21.
Nxc5 Bc8 22. Nxc8 Rxc8 23. bxc4 bxc4 24. Qd2 Qa3 25. h3 Re8 26. c3 Bf8 27. f5
Bxc5 28. dxc5 Qxc5 29. Qd4 Qxd4 30. Rxd4 g5 31. Re1 Rab8 32. Re2 Re5 33. g4 Ne4
34. Rc2 a5 35. Kg2 a4 36. Kf3 a3 37. h4 Rb2 38. Rc1 Rf2# 0-1

[Event "Tradewise Gibraltar AmatWk1"]
[Site "Gibraltar"]
[Date "2017.01.26"]
[Round "4.7"]
[White "Pink, Joshua"]
[Black "Lopez Diaz, Rafael"]
[Result "1-0"]
[WhiteElo "1898"]
[BlackElo "1779"]
[PlyCount "65"]
[EventDate "2017.01.23"]
[EventType "swiss"]
[EventRounds "5"]
[EventCountry "GGB"]
[SourceTitle "BritBase"]
[Source "www.saund.co.uk"]
[SourceDate "2018.02.10"]
[SourceVersion "1"]
[SourceVersionDate "2018.02.10"]
[SourceQuality "1"]

1. d3 e5 2. f4 exf4 3. Bxf4 Qf6 4. Qc1 Bc5 5. Nf3 Qb6 6. c3 Bf2+ 7. Kd1 Nf6 8.
e4 d5 9. e5 Ng4 10. Ke2 Be3 11. Bxe3 Nxe3 12. Qxe3 Qxb2+ 13. Qd2 Qxa1 14. Qc2
Bg4 15. Ke3 Nc6 16. d4 Bxf3 17. gxf3 O-O-O 18. Bg2 Nxe5 19. Nd2 Qxh1 20. Bxh1
Nd7 21. Bg2 g6 22. Kf2 f5 23. Nb3 Nf6 24. Nc5 Nd7 25. Nd3 Rhe8 26. f4 Nf6 27.
Ne5 Re7 28. Qa4 Rd6 29. Bf3 Ra6 30. Qb3 Rb6 31. Qa3 Re8 32. Kg3 a6 33. Qc5 1-0

[Event "Tradewise Gibraltar AmatWk1"]
[Site "Gibraltar"]
[Date "2017.01.26"]
[Round "4.8"]
[White "Maman, Emanuel"]
[Black "Hermes, Geoff R"]
[Result "1-0"]
[WhiteElo "1778"]
[BlackElo "1896"]
[PlyCount "163"]
[EventDate "2017.01.23"]
[EventType "swiss"]
[EventRounds "5"]
[EventCountry "GGB"]
[SourceTitle "BritBase"]
[Source "www.saund.co.uk"]
[SourceDate "2018.02.10"]
[SourceVersion "1"]
[SourceVersionDate "2018.02.10"]
[SourceQuality "1"]

1. e4 d6 2. d4 Nf6 3. Bd3 e5 4. c3 Be7 5. Ne2 O-O 6. O-O c6 7. f4 Nbd7 8. Na3
b5 9. Nc2 Qb6 10. Kh1 c5 11. Ng3 c4 12. Be2 Bb7 13. d5 Nc5 14. Be3 Qc7 15. Bxc5
Qxc5 16. fxe5 dxe5 17. Bf3 Rfd8 18. Qe2 a5 19. a3 Ra6 20. Rad1 Bc8 21. Ne3 Ne8
22. Ngf5 Bxf5 23. Nxf5 Bf8 24. Qd2 Nd6 25. g4 Nxf5 26. gxf5 Rh6 27. Rg1 Rdd6
28. Rg3 Rh4 29. Rdg1 Rdh6 30. R1g2 Rf4 31. Qe1 Rb6 32. Qd2 b4 33. axb4 axb4 34.
cxb4 Qxb4 35. Qxb4 Rxb4 36. Rc2 Bc5 37. Bg2 Ra4 38. Rgc3 Be3 39. Ra3 Rxa3 40.
bxa3 Kf8 41. a4 Rf2 42. Rxc4 Ra2 43. Bf1 Rf2 44. Bd3 Bf4 45. a5 Rxh2+ 46. Kg1
Ra2 47. a6 Be3+ 48. Kf1 Ke7 49. Rc7+ Kd6 50. Rxf7 Bd4 51. Rxg7 Rf2+ 52. Ke1 Ra2
53. Rxh7 Ra1+ 54. Kd2 Ra2+ 55. Bc2 Kc5 56. a7 Kb6 57. f6 Rxa7 58. Rxa7 Kxa7 59.
Kd3 Bc5 60. Kc4 Bd6 61. Kb5 Kb7 62. Ba4 Kc7 63. Ka6 Bf8 64. Kb5 Kd6 65. Kb6 Bh6
66. Be8 Bf8 67. Kb7 Bh6 68. Kc8 Bg5 69. f7 Be7 70. Ba4 Bf8 71. Kd8 Bh6 72. Ke8
Kc5 73. f8=Q+ Bxf8 74. Kxf8 Kd4 75. d6 Kxe4 76. d7 Kf4 77. d8=Q e4 78. Qf6+ Ke3
79. Qe5 Kd3 80. Qd5+ Ke3 81. Bc2 Kf2 82. Qxe4 1-0

[Event "Tradewise Gibraltar AmatWk1"]
[Site "Gibraltar"]
[Date "2017.01.26"]
[Round "4.10"]
[White "Brooker, Chris H"]
[Black "Rios Gonzalez, Jose Antonio"]
[Result "0-1"]
[WhiteElo "1761"]
[BlackElo "1847"]
[PlyCount "114"]
[EventDate "2017.01.23"]
[EventType "swiss"]
[EventRounds "5"]
[EventCountry "GGB"]
[SourceTitle "BritBase"]
[Source "www.saund.co.uk"]
[SourceDate "2018.02.10"]
[SourceVersion "1"]
[SourceVersionDate "2018.02.10"]
[SourceQuality "1"]

1. f4 d5 2. e3 Nc6 3. Nf3 Bf5 4. Bb5 a6 5. Bxc6+ bxc6 6. O-O Nf6 7. b3 g6 8.
Bb2 Bg7 9. d3 O-O 10. Qe1 c5 11. Nbd2 c6 12. Rb1 a5 13. a4 Qb6 14. Ne5 Nd7 15.
Nxd7 Bxd7 16. Bxg7 Kxg7 17. Qg3 Qc7 18. Nf3 f6 19. Rbe1 c4 20. dxc4 dxc4 21.
bxc4 Be6 22. Nd4 Bxc4 23. Rf2 Kh8 24. Qh3 Qc8 25. Qh4 c5 26. Nf3 Qc6 27. e4
Qxa4 28. e5 Ra7 29. Qh6 Kg8 30. f5 Qe8 31. exf6 Rxf6 32. Ng5 e5 33. fxg6 Rxg6
34. Qh5 Qe7 35. Nf3 e4 36. Nh4 Rg5 37. Qh6 Qg7 38. Qxg7+ Kxg7 39. Rxe4 Bd5 40.
Ra4 Bc6 41. Raf4 h6 42. Rf6 Be4 43. R6f4 Bh7 44. Nf5+ Bxf5 45. Rxf5 a4 46.
Rxg5+ hxg5 47. c3 a3 48. Ra2 Kf6 49. Kf2 Ke5 50. Ke3 Kd5 51. Kd3 c4+ 52. Ke3
Kc5 53. Ke4 Kb5 54. Kf5 Ka4 55. Kxg5 Kb3 56. h4 Kxa2 57. g4 Kb3 0-1

[Event "Tradewise Gibraltar AmatWk1"]
[Site "Gibraltar"]
[Date "2017.01.26"]
[Round "4.11"]
[White "Stamenov, Valeriy"]
[Black "Bishop, Geoffrey L"]
[Result "0-1"]
[WhiteElo "1839"]
[BlackElo "1677"]
[PlyCount "68"]
[EventDate "2017.01.23"]
[EventType "swiss"]
[EventRounds "5"]
[EventCountry "GGB"]
[SourceTitle "BritBase"]
[Source "www.saund.co.uk"]
[SourceDate "2018.02.10"]
[SourceVersion "1"]
[SourceVersionDate "2018.02.10"]
[SourceQuality "1"]

1. e4 c5 2. c3 d6 3. d4 cxd4 4. cxd4 Nf6 5. Nc3 g6 6. Nf3 Bg7 7. h3 O-O 8. Be3
a6 9. Bd3 Nbd7 10. O-O b5 11. a3 Nb6 12. Qe2 Bb7 13. Rac1 Rc8 14. Nd2 d5 15. e5
Nfd7 16. b3 Nxe5 17. dxe5 d4 18. Nce4 dxe3 19. Qxe3 Nd5 20. Qg3 Bh6 21. Rxc8
Bxc8 22. Nb1 Bf4 23. Qf3 Bxe5 24. Rd1 Qc7 25. Ng5 Nf4 26. Qe3 Nxd3 27. Qxd3 Bf5
28. Ne4 Qc6 29. f3 Bc7 30. Nbc3 Rd8 31. Qe2 Bb6+ 32. Kh1 Rxd1+ 33. Qxd1 Qe6 34.
Ng3 Bxh3 0-1

[Event "Tradewise Gibraltar AmatWk1"]
[Site "Gibraltar"]
[Date "2017.01.26"]
[Round "4.12"]
[White "Stai, Sondre"]
[Black "Longdin, Michael"]
[Result "0-1"]
[WhiteElo "1676"]
[BlackElo "1836"]
[PlyCount "64"]
[EventDate "2017.01.23"]
[EventType "swiss"]
[EventRounds "5"]
[EventCountry "GGB"]
[SourceTitle "BritBase"]
[Source "www.saund.co.uk"]
[SourceDate "2018.02.10"]
[SourceVersion "1"]
[SourceVersionDate "2018.02.10"]
[SourceQuality "1"]

1. Nf3 c5 2. c4 Nc6 3. Nc3 e5 4. g3 Nf6 5. Bg2 d5 6. cxd5 Nxd5 7. d3 Nxc3 8.
bxc3 Be7 9. O-O O-O 10. c4 Be6 11. Nd2 Qd7 12. Rb1 b6 13. Ne4 f5 14. Nc3 f4 15.
Nd5 Bd6 16. Qa4 Rac8 17. Nxb6 axb6 18. Rxb6 f3 19. Bxf3 Rxf3 20. exf3 Qc7 21.
Rxc6 Qxc6 22. Qxc6 Rxc6 23. Re1 Bf5 24. Bb2 Bxd3 25. Bxe5 Bxe5 26. Rxe5 Bxc4
27. a3 Bd3 28. f4 c4 29. f3 c3 30. Re1 c2 31. Kf2 c1=Q 32. Rxc1 Rxc1 0-1

[Event "Tradewise Gibraltar AmatWk1"]
[Site "Gibraltar"]
[Date "2017.01.26"]
[Round "4.13"]
[White "Lochte, Szilvia"]
[Black "Hunt, Caro"]
[Result "1-0"]
[WhiteElo "1829"]
[BlackElo "1631"]
[PlyCount "35"]
[EventDate "2017.01.23"]
[EventType "swiss"]
[EventRounds "5"]
[EventCountry "GGB"]
[SourceTitle "BritBase"]
[Source "www.saund.co.uk"]
[SourceDate "2018.02.10"]
[SourceVersion "1"]
[SourceVersionDate "2018.02.10"]
[SourceQuality "1"]

1. d4 f5 2. Bf4 Nf6 3. Nf3 e6 4. e3 Be7 5. h3 O-O 6. Bd3 b6 7. Nbd2 Bb7 8. Qe2
Nd5 9. O-O Nxf4 10. exf4 c5 11. Rfe1 Na6 12. Bxa6 Bc6 13. Ne5 Rf6 14. Nxc6 dxc6
15. dxc5 Bxc5 16. Nb3 Bd6 17. Nd4 Qd7 18. Bc4 1-0

[Event "Tradewise Gibraltar AmatWk1"]
[Site "Gibraltar"]
[Date "2017.01.26"]
[Round "4.14"]
[White "Garcia Valer, Jesus"]
[Black "Hudson, Jeremy"]
[Result "1/2-1/2"]
[WhiteElo "1891"]
[BlackElo "1633"]
[PlyCount "42"]
[EventDate "2017.01.23"]
[EventType "swiss"]
[EventRounds "5"]
[EventCountry "GGB"]
[SourceTitle "BritBase"]
[Source "www.saund.co.uk"]
[SourceDate "2018.02.10"]
[SourceVersion "1"]
[SourceVersionDate "2018.02.10"]
[SourceQuality "1"]

1. e4 e6 2. d4 d5 3. exd5 exd5 4. c4 Bb4+ 5. Nc3 Qe7+ 6. Be3 Nf6 7. Nf3 c6 8.
Bd3 dxc4 9. Bxc4 Be6 10. Bxe6 Qxe6 11. O-O O-O 12. Qd3 Nbd7 13. Rfe1 Qg4 14.
Rad1 Rad8 15. Bg5 Rfe8 16. h3 Qh5 17. Qc4 Bxc3 18. bxc3 h6 19. Bxf6 Nxf6 20.
Qb3 Qb5 21. Qc2 Rxe1+ 1/2-1/2

[Event "Tradewise Gibraltar AmatWk1"]
[Site "Gibraltar"]
[Date "2017.01.26"]
[Round "4.15"]
[White "Christophe-Hayot, Romain"]
[Black "Walker, Gordon J"]
[Result "1-0"]
[WhiteElo "1784"]
[BlackElo "1547"]
[PlyCount "69"]
[EventDate "2017.01.23"]
[EventType "swiss"]
[EventRounds "5"]
[EventCountry "GGB"]
[SourceTitle "BritBase"]
[Source "www.saund.co.uk"]
[SourceDate "2018.02.10"]
[SourceVersion "1"]
[SourceVersionDate "2018.02.10"]
[SourceQuality "1"]

1. e4 e5 2. Nf3 Nc6 3. Bb5 a6 4. Bxc6 dxc6 5. d4 exd4 6. Qxd4 Qxd4 7. Nxd4 c5
8. Ne2 Be6 9. b3 Be7 10. Bb2 Nf6 11. Nd2 O-O-O 12. f3 b5 13. a4 c6 14. axb5
axb5 15. Nf4 Kb7 16. Nxe6 fxe6 17. Ke2 Ra8 18. f4 Rxa1 19. Rxa1 Ra8 20. Rxa8
Kxa8 21. Kf3 g6 22. g4 Kb7 23. Bxf6 Bxf6 24. e5 Be7 25. Ke4 Kc7 26. f5 exf5+
27. gxf5 gxf5+ 28. Kxf5 h6 29. Ke6 Kd8 30. Kf7 h5 31. c4 h4 32. h3 Kd7 33. Ne4
bxc4 34. bxc4 Bf8 35. e6+ 1-0

[Event "Tradewise Gibraltar AmatWk1"]
[Site "Gibraltar"]
[Date "2017.01.26"]
[Round "4.16"]
[White "Kapoor, Gurveen"]
[Black "Ford, Clifton P"]
[Result "0-1"]
[WhiteElo "1540"]
[BlackElo "1781"]
[PlyCount "132"]
[EventDate "2017.01.23"]
[EventType "swiss"]
[EventRounds "5"]
[EventCountry "GGB"]
[SourceTitle "BritBase"]
[Source "www.saund.co.uk"]
[SourceDate "2018.02.10"]
[SourceVersion "1"]
[SourceVersionDate "2018.02.10"]
[SourceQuality "1"]

1. d4 Nf6 2. c4 e6 3. Nf3 b6 4. a3 Bb7 5. Nc3 Be7 6. Qc2 d5 7. cxd5 exd5 8. e3
O-O 9. Bd3 Nbd7 10. O-O c5 11. Re1 Re8 12. dxc5 bxc5 13. e4 c4 14. Bf1 Nxe4 15.
Nxe4 dxe4 16. Nd2 Nf6 17. Bxc4 Bd6 18. Nf1 Qc7 19. Be3 Ng4 20. h3 Nxe3 21. Nxe3
Rac8 22. Rac1 Bf4 23. Qb3 Red8 24. Bf1 Qb6 25. Rxc8 Rxc8 26. Qxb6 axb6 27. Nc4
b5 28. Ne3 Rc5 29. Nd1 f5 30. b4 Re5 31. g3 Bd2 32. Re2 Rd5 33. Ne3 Bxe3 34.
Rxe3 Rd1 35. Rc3 Bd5 36. Kg2 e3+ 37. f3 Rd2+ 38. Kg1 e2 39. Bxe2 Rxe2 40. g4
fxg4 41. hxg4 Rb2 42. Rc5 Bxf3 43. Rxb5 Rg2+ 44. Kf1 Be2+ 45. Kxg2 Bxb5 46. Kf3
Kf7 47. Ke4 Ke6 48. Kd4 Be2 49. Kc5 Bxg4 50. a4 h5 51. b5 h4 52. b6 Bf3 53. a5
h3 54. a6 h2 55. b7 Bxb7 56. axb7 h1=Q 57. b8=Q Qd5+ 58. Kb4 Qd6+ 59. Qxd6+
Kxd6 60. Kc4 Ke5 61. Kd3 Kf4 62. Ke2 Kg3 63. Kf1 g5 64. Kg1 Kh3 65. Kh1 Kg3 66.
Kg1 g4 0-1

[Event "Tradewise Gibraltar AmatWk1"]
[Site "Gibraltar"]
[Date "2017.01.26"]
[Round "4.17"]
[White "Kearsley, Raymond J"]
[Black "Guardia Bencomo, Tomas"]
[Result "0-1"]
[WhiteElo "1687"]
[BlackElo "1759"]
[PlyCount "75"]
[EventDate "2017.01.23"]
[EventType "swiss"]
[EventRounds "5"]
[EventCountry "GGB"]
[SourceTitle "BritBase"]
[Source "www.saund.co.uk"]
[SourceDate "2018.02.10"]
[SourceVersion "1"]
[SourceVersionDate "2018.02.10"]
[SourceQuality "1"]

1. e4 c6 2. d4 d5 3. Nc3 dxe4 4. Bc4 Nf6 5. f3 exf3 6. Nxf3 Nd5 7. Ne5 Be6 8.
Ne4 Nd7 9. O-O Nxe5 10. dxe5 Qb6+ 11. Kh1 h6 12. Qf3 O-O-O 13. Bb3 Qd4 14. c4
Qxe5 15. cxd5 Bxd5 16. Bxd5 Qxd5 17. Be3 e5 18. Rad1 Qe6 19. Rxd8+ Kxd8 20.
Rd1+ Kc7 21. a3 b6 22. Qe2 Be7 23. Qa6 Kb8 24. Bxb6 axb6 25. Qxb6+ Ka8 26. Qc7
Rc8 27. Qa5+ Kb7 28. Qc3 Qg4 29. Qb3+ Kc7 30. Nf2 Qg6 31. h3 Rd8 32. Re1 f6 33.
Ne4 Rd4 34. Qe6 Bd6 35. Nxd6 Rxd6 36. Qe7+ Rd7 37. Qf8 Rd3 38. Qc5 {No further
moves were recorded} 0-1

[Event "Tradewise Gibraltar AmatWk1"]
[Site "Gibraltar"]
[Date "2017.01.26"]
[Round "4.19"]
[White "Flanagan, Samuel"]
[Black "Kirkwood, Robin"]
[Result "1/2-1/2"]
[WhiteElo "1774"]
[BlackElo "1677"]
[PlyCount "31"]
[EventDate "2017.01.23"]
[EventType "swiss"]
[EventRounds "5"]
[EventCountry "GGB"]
[SourceTitle "BritBase"]
[Source "www.saund.co.uk"]
[SourceDate "2018.02.10"]
[SourceVersion "1"]
[SourceVersionDate "2018.02.10"]
[SourceQuality "1"]

1. e4 c5 2. Nf3 e6 3. d4 cxd4 4. Nxd4 a6 5. Nc3 b5 6. Bd3 Bc5 7. Nb3 Ba7 8. O-O
Bb7 9. a3 Ne7 10. Qe2 d5 11. Bg5 f6 12. Bd2 d4 13. Na2 Nbc6 14. f4 O-O 15. Nb4
Qc7 16. Rae1 1/2-1/2

[Event "Tradewise Gibraltar AmatWk1"]
[Site "Gibraltar"]
[Date "2017.01.26"]
[Round "4.20"]
[White "Carbonnier, Arnaud"]
[Black "Ajayi, Ayokanmi"]
[Result "1-0"]
[WhiteElo "1750"]
[BlackElo "1599"]
[PlyCount "73"]
[EventDate "2017.01.23"]
[EventType "swiss"]
[EventRounds "5"]
[EventCountry "GGB"]
[SourceTitle "BritBase"]
[Source "www.saund.co.uk"]
[SourceDate "2018.02.10"]
[SourceVersion "1"]
[SourceVersionDate "2018.02.10"]
[SourceQuality "1"]

1. d4 Nf6 2. c4 g6 3. Nc3 Bg7 4. e4 d6 5. f3 O-O 6. Be3 Nbd7 7. Qd2 e5 8. d5
Nh5 9. g4 Nhf6 10. h4 h5 11. g5 Nh7 12. Bh3 a6 13. Bxd7 Bxd7 14. Nge2 f5 15.
gxf6 Qxf6 16. Ng1 Bg4 17. O-O-O Bxf3 18. Nxf3 Qxf3 19. Rhg1 Rf6 20. Rg2 Qh3 21.
Rdg1 Qxh4 22. Rxg6 Rxg6 23. Rxg6 Rf8 24. Qg2 Rf7 25. Bh6 Qe7 26. Nd1 Nf6 27.
Ne3 Qd7 28. Nf5 Ne8 29. Qg5 h4 30. Qxh4 Rxf5 31. exf5 Qxf5 32. Qg4 Qf1+ 33. Kc2
Qf2+ 34. Kb3 Qb6+ 35. Kc2 Qf2+ 36. Bd2 Nf6 37. Rxg7+ 1-0

[Event "Tradewise Gibraltar AmatWk1"]
[Site "Gibraltar"]
[Date "2017.01.26"]
[Round "4.21"]
[White "Horlock, Peter J"]
[Black "Ocana, Jeremy"]
[Result "1-0"]
[WhiteElo "1611"]
[BlackElo "1733"]
[PlyCount "57"]
[EventDate "2017.01.23"]
[EventType "swiss"]
[EventRounds "5"]
[EventCountry "GGB"]
[SourceTitle "BritBase"]
[Source "www.saund.co.uk"]
[SourceDate "2018.02.10"]
[SourceVersion "1"]
[SourceVersionDate "2018.02.10"]
[SourceQuality "1"]

1. e4 d6 2. d4 Nf6 3. Nc3 e5 4. Nf3 Nbd7 5. dxe5 Nxe5 6. Nxe5 dxe5 7. Qxd8+
Kxd8 8. h3 Bb4 9. Bd2 c6 10. O-O-O Ke7 11. Nd5+ Nxd5 12. exd5 Bc5 13. Bc3 f6
14. Be2 Bxf2 15. d6+ Ke6 16. Bg4+ f5 17. Bxf5+ Kxf5 18. Rhf1 Bd7 19. g4+ Kg6
20. Rxf2 Rhe8 21. Rdf1 Re6 22. Rf7 Rd8 23. g5 c5 24. h4 h5 25. gxh6 gxh6 26.
h5+ Kxh5 27. Rg7 Bc6 28. Rf5+ Kh4 29. Be1+ 1-0